La Integración económica centroamericana, una visión desde Europa /
Đã lưu trong:
| Tác giả chính: | |
|---|---|
| Định dạng: | Texto |
| Các nhãn: |
Thêm thẻ
Không có thẻ, Là người đầu tiên thẻ bản ghi này!
|
MARC
| LEADER | 00000 a a2200000 04500 | ||
|---|---|---|---|
| 001 | 12735 | ||
| 003 | |||
| 040 | |||
| 100 | |a Bulmer Thomas, Víctor | ||
| 245 | |a La Integración económica centroamericana, una visión desde Europa / |c Víctor Bulmer Thomas | ||
| 773 | |g número 13; páginas 2-8 | ||
| 999 | |c 21288 |d 21288 | ||
